banner-ar

الكافى فى علوم البلاغة العربية المعانى - البيان - البديع / (Record no. 43358)

MARC details
000 -الفاتح
حقل البيانات ثابتة الطول 00517nam a2200145Ia 4500
008 - عناصر البيانات ثابتة الطول - معلومات عامة
حقل البيانات ثابتة الطول 140319s9999 xx 000 0 ara d
040 ## - مصدر الفهرسة
وكالة الفهرسة الأصلية GCL /
وكالة النسخ GCL
082 04 - رقم تصنيف ديوى العشرى
رقم التصنيف 414.3
رقم المادة ع ك
100 1# - المدخل الرئيسى - إسم شخصى
الإسم الشخصى عبسى على العاكوب
245 10 - بيان العنوان
العنوان الكافى فى علوم البلاغة العربية المعانى - البيان - البديع /
بيان المسئوليه,etc عبسى على العاكوب
700 1# - المدخل الاضافى - اسم شخصى
الإسم الشخصى على سعد الشتيوى
300 ## - الوصف المادى
التعداد 2 جزء
490 ## - بيان السلسلة
عنوان السلسلة منشورات الجامعة المفتوحة
رقم المجلد/ التعيين التسلسلي 0
Holdings
حالة التراجع حالة الفقد حالة تلف ليس للاعارة المكان المؤقت الموقع الحالى تاريخ الاكتساب اجمالي اﻻعارات رقم الطلب الباركود تاريخ اخر مشاهدة تاريخ تفعيل السعر نوع وعاء كوها
        مكتبة القاهرة الكبرى مكتبة القاهرة الكبرى 03/26/2014   414.3\ع ك 104926 03/26/2014 03/26/2014 كتاب
        مكتبة القاهرة الكبرى مكتبة القاهرة الكبرى 03/26/2014   414.3\ع ك 104927 03/26/2014 03/26/2014 كتاب
        مكتبة القاهرة الكبرى مكتبة القاهرة الكبرى 03/26/2014   414.3\ع ك 104928 03/26/2014 03/26/2014 كتاب
        مكتبة القاهرة الكبرى مكتبة القاهرة الكبرى 03/26/2014   414.3\ع ك 104929 03/26/2014 03/26/2014 كتاب
        مكتبة القاهرة الكبرى مكتبة القاهرة الكبرى 03/26/2014   414.3\ع ك 104930 03/26/2014 03/26/2014 كتاب
        مكتبة القاهرة الكبرى مكتبة القاهرة الكبرى 03/26/2014   414.3\ع ك 104931 03/26/2014 03/26/2014 كتاب

Powered By

EGPV